Central Library OPAC University of Rajshahi

General studies for technical students : (Record no. 55026)

MARC details
000 -LEADER
fixed length control field 00686nam a2200217 a 4500
001 - CONTROL NUMBER
control field 55026
003 - CONTROL NUMBER IDENTIFIER
rucl marc code BD-RjUL
005 - DATE AND TIME OF LATEST TRANSACTION
control field 20211209080214.0
008 - FIXED-LENGTH DATA ELEMENTS--GENERAL INFORMATION
fixed length control field 161113s1965 enk 000 0 eng d
035 ## - SYSTEM CONTROL NUMBER
System control number (BD-RjULL)55148
040 ## - CATALOGING SOURCE
Original cataloging agency EQO
Transcribing agency EQO
Language of cataloging eng
Modifying agency BD-RjUL
041 ## - LANGUAGE CODE
Language code of text/sound track or separate title eng
082 ## - DEWEY DECIMAL CLASSIFICATION NUMBER
Edition number 23
Classification number 373.246
Author mark and year JOG 1965
100 1# - MAIN ENTRY--PERSONAL NAME
Personal name Jones, Goronwy John.
9 (RLIN) 164052
245 10 - TITLE STATEMENT
Title General studies for technical students :
Remainder of title a classbook for apprentices and other technical students /
Statement of responsibility, etc. Goronwy J. Jones
260 ## - PUBLICATION, DISTRIBUTION, ETC. (IMPRINT)
Place of publication, distribution, etc. London :
Name of publisher, distributor, etc. The English Universities Press limited,
Date of publication, distribution, etc. c1965.
300 ## - PHYSICAL DESCRIPTION
Pagination v. :
Illustrations ill. ;
Size 19 cm.
505 ## - FORMATTED CONTENTS NOTE
Formatted contents note V.-2--
650 ## - SUBJECT ADDED ENTRY--TOPICAL TERM
Topical term or geographic name as entry element Vocational Schools.
9 (RLIN) 199069
942 ## - ADDED ENTRY ELEMENTS (KOHA)
Source of classification or shelving scheme Dewey Decimal Classification
Koha item type Books
Holdings
Lost status Source of classification or shelving scheme Damaged status Not for loan Collection code Permanent Location Current Location Shelving location Date acquired Source of acquisition Cost, normal purchase price Total Checkouts Full call number Date last seen Copy number Koha item type
  Dewey Decimal Classification     Non-fiction Central Library, University of Rajshahi Central Library, University of Rajshahi   26/08/1984 Zeitlinger 8.06   373.246 JOG v-2 1965 13/11/2016 C-2 Books
  Dewey Decimal Classification   Not For Loan Non-fiction Central Library, University of Rajshahi Central Library, University of Rajshahi Reading Room 09/12/2021 zeithinger 8.60   373.246 JOG V-2 1965 22/03/2017 C-1 Books